Engineering Data Book FPS Vol1 (Record no. 565921)

000 -LEADER
fixed length control field 00343nam a2200121Ia 4500
008 - FIXED-LENGTH DATA ELEMENTS--GENERAL INFORMATION
fixed length control field 210430s9999 xx 000 0 und d
082 ## - DEWEY DECIMAL CLASSIFICATION NUMBER
Classification number 627.0212 A8441E
100 ## - MAIN ENTRY--PERSONAL NAME
Personal name Gas Process Suppliers Associations
245 ## - TITLE STATEMENT
Title Engineering Data Book FPS Vol1
Statement of responsibility, etc. Gas Process Suppliers Associations
260 ## - PUBLICATION, DISTRIBUTION, ETC.
Date of publication, distribution, etc. 2004
300 ## - PHYSICAL DESCRIPTION
Extent 301p.
942 ## - ADDED ENTRY ELEMENTS (KOHA)
Koha item type Book
Source of classification or shelving scheme
Holdings
Withdrawn status Lost status Damaged status Not for loan Permanent Location Current Location Date acquired Total Checkouts Full call number Barcode Date last seen Price effective from Koha item type
        School of Chemical & Materials Engineering (SCME) School of Chemical & Materials Engineering (SCME)     627.0212 A8441E SCME- D162 04/30/2021 04/30/2021 Book
© 2023 Central Library, National University of Sciences and Technology. All Rights Reserved.